| 000 | 00403nam a2200157Ia 4500 | ||
|---|---|---|---|
| 008 | 220216s9999 xx 000 0 und d | ||
| 100 | _aGeorge C M | ||
| 245 | 0 | _aCover plants in rubber cultivation | |
| 260 |
_bRubber Board Bulletin _c1962 |
||
| 300 | _a127-136 | ||
| 650 | _aCover crops | ||
| 650 | _aCover plants | ||
| 650 | _aPueraria phaseoloides | ||
| 650 | _aRubber cultivation | ||
| 942 | _cJS | ||
| 999 |
_c56478 _d56478 |
||